[Event "Seville op 42nd"]
[Site "Seville"]
[Date "2017.01.18"]
[Round "6"]
[White "Lopez Gonzalez, Daniel"]
[Black "Moroni, Luca Jr"]
[Result "0-1"]
[WhiteElo "2307"]
[BlackElo "2468"]
[PlyCount "80"]
[EventDate "2017.01.13"]
[EventType "swiss"]
[EventRounds "9"]
[EventCountry "ESP"]
[SourceTitle "EXT 2019"]
[Source "ChessBase"]
[SourceDate "2018.10.10"]
[SourceVersion "1"]
[SourceVersionDate "2018.10.10"]
[SourceQuality "1"]

1. d4 e6 2. c4 Nf6 3. Nc3 Bb4 4. e3 0-0 5. Nge2 d5 6. a3 Bd6 7. Ng3 c6 8. Qc2 Nbd7 9. Bd2 dxc4 10. Bxc4 Qc7 11. Nge4 Be7 12. Bd3 h6 13. Rc1 e5 14. h3 Nxe4 15. Nd5 Qd8 16. Nxe7+ Qxe7 17. Bxe4 exd4 18. 0-0 dxe3 19. Bxe3 Re8 20. Bh7+ Kh8 21. Rfe1 Nf6 22. Bxh6 Qxe1+ 23. Rxe1 Rxe1+ 24. Kh2 gxh6 25. Qc3 Kxh7 26. Qxe1 Be6 27. Qe5 Nd5 28. f4 Re8 29. Qd4 Bf5 30. Qxa7 Re2 31. Qxb7 Kg7 32. Qb8 Be4 33. Kg1 Rxg2+ 34. Kf1 f6 35. a4 Kg6 36. a5 Kf5 37. a6 Nxf4 38. a7 Bd3+ 39. Ke1 Re2+ 40. Kd1 Bc2+ 0-1

[Event "ESP-ch rapid"]
[Site "Linares"]
[Date "2016.08.14"]
[Round "2"]
[White "Lopez Gonzalez, Daniel"]
[Black "Arizmendi Martinez, Julen Luis"]
[Result "0-1"]
[WhiteElo "2279"]
[BlackElo "2496"]
[PlyCount "48"]
[EventDate "2016.08.14"]
[EventType "swiss (rapid)"]
[EventRounds "9"]
[EventCountry "ESP"]
[SourceTitle "CBM 173 Extra"]
[Source "ChessBase"]
[SourceDate "2016.08.29"]
[SourceVersion "1"]
[SourceVersionDate "2016.08.29"]
[SourceQuality "1"]

1. d4 Nf6 2. c4 e6 3. Nc3 Bb4 4. e3 d5 5. Nf3 0-0 6. Bd3 c5 7. 0-0 Nc6 8. a3 Ba5 9. cxd5 exd5 10. dxc5 Bxc3 11. bxc3 Bg4 12. Be2 Qa5 13. Rb1 Ne4 14. Rb5 Nxc3 15. Rxa5 Nxd1 16. Rb5 Nc3 17. Rb2 Nxe2+ 18. Rxe2 Ne5 19. Rb2 Nxf3+ 20. gxf3 Bxf3 21. Rxb7 Rfc8 22. Bb2 d4 23. Rd7 d3 24. Rc1 Rd8 0-1